| 000 | 00891cam a2200229Ma 4500 | ||
|---|---|---|---|
| 005 | 20100726125122.0 | ||
| 008 | 070926s2007 fr 000 0 fre d | ||
| 020 | _a9789287162762 | ||
| 020 | _a928716276x | ||
| 035 | _a(OCoLC)184970437 | ||
| 055 | 4 | _aHV 6431 C755 2007 | |
| 082 | 1 |
_a363.325 094 _222 |
|
| 110 | 2 | _aConseil de l'Europe. | |
| 245 | 1 | 3 |
_aLa lutte contre le terrorisme : _bles normes du Conseil de l'Europe / _c[Conseil de l'Europe]. |
| 250 | _a4e éd. | ||
| 260 |
_aStrasbourg : _bÉditions du Conseil de l'Europe, _c2007. |
||
| 300 | _av, 630 p. | ||
| 650 | 6 |
_aTerrorisme _zEurope _xPrévention. |
|
| 650 | 7 |
_aTerrorisme _xLutte contre _xDroit _zEurope _xLégislation. _2ram |
|
| 775 | 0 |
_aConseil de l'Europe. _tFight against terrorism : Council of Europe standards |
|
| 999 |
_c629 _d629 |
||